000 00593nam a22001817a 4500
020 _qHard Cover.
082 _a005
100 _aAftaf, Sumbul, Nida Noor
245 _aCHALLAN ACCIDENT LICENSE AND VEHICLE REGISTRATION INFORMATION (Calvri) SYSTEM
260 _aIslamabad :
_bSEECS - NUST,
_c2015.
300 _a59 p. : ill. :
_c30cm.
563 _aHB
650 _aComputer Science-Project Report.
700 _aDr. Kashif Sharif.
_934456
856 _uhttp://10.250.8.41:8080/xmlui/handle/123456789/7937
942 _2ddc
_cPR
999 _c540430
_d540430